| 000 | 03420nab a22006377 4500 | ||
|---|---|---|---|
| 003 | AR-RoUNA | ||
| 022 | _a0327-9022 | ||
| 040 |
_aAR-RoUNA _bspa |
||
| 041 | _aspa | ||
| 044 | _aag | ||
| 245 |
_aSumma+ / _bHOTELES / COMERCIOS / OFICINAS |
||
| 260 |
_aBuenos Aires , _c1993 |
||
| 300 |
_a128 p. : _bil. byn. _bplanos _c34 X25 cm. |
||
| 505 | 0 | _tINDICE | |
| 505 | 0 | _tCONTENTS - HOTELES | |
| 505 | 0 | _tESPACIALIDAD PIRANESIANA | |
| 505 | 0 | _aBaudizzone-Lestard / Provedo-Quintiero / Hotel Centro de Convenciones, Casino y Centro de entretenimiento en la ciudad de Rosario, Rosario, 2009. p. 4 | |
| 505 | 0 | _tSEGUNDA PIEL | |
| 505 | 0 | _aRodrigo Duque Motta - RafaelHevia García Huidobro / Casino y Hotel de Talca, Chile, 2008. p. 24 | |
| 505 | 0 | _tCURVAS EN EL STRIP | |
| 505 | 0 | _aPelli Clarke Pelli architects / Aria Resort & Casino, Nevada, Estados Unidos, 2009. p. 34 | |
| 505 | 0 | _tPLEGADO INTERIOR | |
| 505 | 0 | _aGraft-Lars Krückeberg-Wolfram Putz- Thomas Willemet / Hotel Q, Berlín, Alemania, 2004. p. 42 | |
| 505 | 0 | _tPATIO LATERAL | |
| 505 | 0 | _aLegorreta + Legorreta - Serrano Monjaraz / La purificadora Hotel Boutique, Puebla, Mexico, 2007. p. 48 | |
| 505 | 0 | _tRESTAURAR, CONSERVAR, CONSOLIDAR | |
| 505 | 0 | _aArquitectonica - López - Leyt - López - Yablon / CasaParaná Hotel Boutique, Ciudad autonoma de Buenos Aires, 2009. p. 54 | |
| 505 | 0 | _tCOMERCIOS | |
| 505 | 0 | _aAlexandre Ribeiro Gonçalves / Laboratorio de Investigación Ecológica y Educación científica de la Universidad Estadual de Goiás, Brasil. p. 2008 | |
| 505 | 0 | _tESPACIO RENOVABLES - BUENOS AIRES | |
| 505 | 0 | _aAlejandro Sticotti / Net, Showrrom, estudio de diseño y de arquitectura, Ciudad autonoma de Buenos Aires, 2009. p. 62 | |
| 505 | 0 | _tFONDO Y LUZ | |
| 505 | 0 | _tEli Bottrich de Agüero, Sol Agüero y Sebastian Agüero / Iluminacion Agüero, local de ventas, oficinas y de positos, Ciudad autonoma de Buenos Aires, 2009. p. 68 | |
| 505 | 0 | _tENLACES VISUALES | |
| 505 | 0 | _aHM.arq -Hitzig - Militello / Objeto A, Galería de Arte + Talleres, ciudad autonoma de Buenos Aires, 2008. p. 74 | |
| 505 | 0 | _tOFICINAS | |
| 505 | 0 | _tENVOLVENTE UNIFORME - CORDOBA | |
| 505 | 0 | _aAFT Atelman -Fourcade- Tapia / Nueva Sede Corporativa Benito Roggio e Hijos, Córdoba, 2008. p. 82 | |
| 505 | 0 | _tPATAGONIA Y PATRIMONIO - COMODORO RIVADAVIA | |
| 505 | 0 | _aHampton -Rivoira / Nuevas oficinas YPF en Comodora Rivadavia, Chubut, 2008. p. 90 | |
| 505 | 0 | _tBORDE URBANO | |
| 505 | 0 | _aLacroze Miguens Prati Arqs / Oficianas Working Ocampo, ciudad autonoma de Buenos Aires, 2008. p. 96 | |
| 505 | 0 | _aPablo Beitía y Julio Centeno / Jorge Sabaté y la nueva Argentina. p. 102 | |
| 505 | 0 | _aFernando Diez / México DF: 3er Foro Holcim. p. 114 | |
| 505 | 0 | _aIgancio Ros de Olano / Las Vegas en papel. p. 117 | |
| 505 | 0 | _aRafael E. J. Iglesia / Como flecha en el aire. p. 119 | |
| 505 | 0 | _aRoberto Fernández / El elemento Austrohúngaro: vida y proyectos californianos de Schindler. p. 122 | |
| 505 | 0 | _aMario Sabugo / Lugano, según Minelli. p. 126 | |
| 505 | 0 | _aInés Möisset / Bicentenario y arquitectura: Modelo para armar. p. 128 | |
| 650 | _aArquitectura contemporánea | ||
| 773 | 0 |
_aSumma+ _dBuenos Aires, Argentina _gNº109 (jul-2010), p. 128 _x0327-9022 |
|
| 908 | _aImp | ||
| 942 |
_2udc _cART |
||
| 945 |
_aMBP _d2022-07-08 |
||
| 980 |
_880 _gIvana Pasquini _6138 _aCarolina Rainero |
||
| 999 |
_c12172 _d12172 |
||